00365nam a2200109Ia 4500008004100000082000800041100002100049245006900070942000600139952009500145999001500240240331s9999 xx 000 0 und d bILL aWijesuriya,S. ed 0aIlankai naadar kathaikal :bsinhala tamil, naadar kathai thodar  cL 001040708LaWERCLbWERCLcSSCd2024-03-31l0o 398 ILLp3671r2024-03-31w2024-03-31yL c3622d3622